Nennen Sie die Länder und Hauptstädte – schwieriges Quiz – keine Vokal - Statistiken

Allgemein
  • Dieses Quiz wurde 23 mal gespielt
  • Das Durchschnittsergebnis liegt bei 4 aus 6
Antwortstatistiken
Hint Antwort % Korrekt
hldnlnfnskn Finnland Helsinki
80%
lvltmltt Malta Valletta
80%
nmdndrps Spanien Madrid
80%
mtrln Italien Rom
73%
chdngrlthn Griechenland Athen
67%
pbnsdgtnr Ungarn Budapest
60%
Keine übereinstimmenden Quizze gefunden
Verteilung der Resultate
Anzahl Personen mit jedem Resultat
Perzentil nach korrekt beantworteten Fragen
Ihre Resultats-Entwicklung
Sie haben dieses Quiz noch nicht gespielt